00261 a2200109 4500001000700000020000600007040001100013100002900024240004700053245004200100362000900142169689 a  cMagnum aMonteiro, Graziela Lydia10aO circo viramundo e o palhaco estourolpor10aO circo viramundo e o palhaco estouro0 a1899